[Event "Ivy League Challenge 5th"]
[Site "Toronto"]
[Date "2023.03.25"]
[Round "4"]
[White "Balakrishnan, Praveen"]
[Black "Zhao, Ian"]
[Result "1/2-1/2"]
[WhiteElo "2523"]
[BlackElo "2307"]
[PlyCount "53"]
[EventDate "2023.03.24"]
[EventType "team-tourn"]
[EventRounds "5"]
[EventCountry "CAN"]
[SourceTitle "CBM 213 Extra"]
[Source "ChessBase"]
[SourceDate "2023.05.31"]
[SourceVersion "1"]
[SourceVersionDate "2023.05.31"]
[SourceQuality "1"]
[WhiteTeam "Chicago Univ"]
[BlackTeam "Waterloo Univ"]
[WhiteTeamCountry "USA"]
[BlackTeamCountry "CAN"]

1. c4 Nf6 2. Nc3 g6 3. e4 d6 4. g3 Bg7 5. Bg2 c5 6. Nge2 e5 7. 0-0 0-0 8. d3 Nc6 9. h3 Ne8 10. Be3 Nc7 11. f4 exf4 12. Nxf4 Ne6 13. Nfd5 Ncd4 14. Qd2 f6 15. Rf2 a6 16. Raf1 Ra7 17. Bh6 b5 18. Bxg7 Kxg7 19. Rxf6 Rxf6 20. Rxf6 b4 21. Nd1 Bb7 22. Rf1 Bxd5 23. cxd5 Ng5 24. Ne3 Rf7 25. Rxf7+ Nxf7 26. Nc2 Qf6 27. Ne1 1/2-1/2

[Event "Ivy League Challenge 5th"]
[Site "Toronto"]
[Date "2023.03.24"]
[Round "1"]
[White "Nakada, Akira W"]
[Black "Zhao, Ian"]
[Result "1/2-1/2"]
[WhiteElo "2315"]
[BlackElo "2307"]
[PlyCount "126"]
[EventDate "2023.03.24"]
[EventType "team-tourn"]
[EventRounds "5"]
[EventCountry "CAN"]
[SourceTitle "CBM 213 Extra"]
[Source "ChessBase"]
[SourceDate "2023.05.31"]
[SourceVersion "1"]
[SourceVersionDate "2023.05.31"]
[SourceQuality "1"]
[WhiteTeam "Harvard Univ"]
[BlackTeam "Waterloo Univ"]
[WhiteTeamCountry "USA"]
[BlackTeamCountry "CAN"]

1. c4 e5 2. Nc3 Nf6 3. Nf3 Nc6 4. e4 Bc5 5. Nxe5 Nxe5 6. d4 Bb4 7. dxe5 Nxe4 8. Qf3 Nxc3 9. bxc3 Bc5 10. Qg3 g6 11. Bh6 b6 12. Be2 Bb7 13. Rd1 Bf8 14. Bxf8 Rxf8 15. Bf3 Bxf3 16. Qxf3 f6 17. e6 d6 18. 0-0 Ke7 19. Qh3 Rh8 20. f4 h5 21. Qf3 a5 22. Rfe1 Qe8 23. Rd4 Rb8 24. Red1 Rh7 25. h4 f5 26. R4d2 Kf8 27. Re1 Re7 28. Rde2 Kg7 29. Qd5 Qf8 30. g3 Qf6 31. Re3 Rbe8 32. a4 Kh6 33. Kh2 Kg7 34. Kh3 Kh6 35. R1e2 Kg7 36. Qd4 Rf8 37. Kg2 Rfe8 38. Kf1 Rf8 39. Ke1 Rfe8 40. Kd2 Rf8 41. Qd5 Rfe8 42. Re1 Kh6 43. Qb5 Kg7 44. Kc2 Kf8 45. Qc6 Kg7 46. Qd5 Kh6 47. Qb5 Kg7 48. c5 dxc5 49. Qd3 Qf8 50. Re5 Qf6 51. Qd5 Qf8 52. Rd1 Kf6 53. Qc6 Rxe6 54. Qxc7 R8e7 55. Rxe6+ Rxe6 56. Rd7 Qe8 57. Kb3 Qg8 58. Kc2 Qe8 59. Kb3 Qg8 60. Ka3 Qf8 61. Rd8 Qe7 62. Rd7 Qf8 63. Rd8 Qe7 1/2-1/2

[Event "North American op 30th"]
[Site "ICC INT"]
[Date "2020.12.29"]
[Round "8"]
[White "Safarli, Eltaj"]
[Black "Zhao, Ian"]
[Result "1-0"]
[WhiteElo "2598"]
[BlackElo "2347"]
[PlyCount "91"]
[EventDate "2020.12.26"]
[EventType "swiss"]
[EventRounds "8"]
[EventCountry "USA"]
[SourceTitle "CBM 200 Extra"]
[Source "ChessBase"]
[SourceDate "2021.03.31"]
[SourceVersion "1"]
[SourceVersionDate "2021.03.31"]
[SourceQuality "1"]

1. e4 e5 2. Nf3 Nc6 3. Nc3 Nf6 4. a3 d5 5. Bb5 d4 6. Ne2 Bd7 7. Ng3 Bd6 8. c3 0-0 9. 0-0 Re8 10. d3 dxc3 11. bxc3 Qe7 12. a4 Rad8 13. Rb1 Na5 14. Bxd7 Rxd7 15. Nf5 Qd8 16. Bg5 c5 17. Ne3 Nc6 18. Ng4 Be7 19. Ngxe5 Nxe5 20. Nxe5 Nxe4 21. Nxd7 Nxc3 22. Qb3 Nxb1 23. Ne5 c4 24. Qxc4 Rf8 25. Rxb1 Bxg5 26. Rxb7 Qa5 27. Nf3 Bf6 28. g3 h6 29. Kg2 Kh7 30. h4 Rd8 31. Qxf7 Qf5 32. d4 a6 33. Rb6 a5 34. h5 Kh8 35. Re6 Kh7 36. d5 Rxd5 37. Rxf6 Qxh5 38. Qxh5 Rxh5 39. Rb6 Rd5 40. Rb5 Rxb5 41. axb5 a4 42. b6 a3 43. Nd4 a2 44. Nc2 a1N 45. Nd4 Nb3 46. Nxb3 1-0

[Event "North American op 30th"]
[Site "ICC INT"]
[Date "2020.12.28"]
[Round "5"]
[White "Zhao, Ian"]
[Black "Rajesh, CS."]
[Result "1-0"]
[WhiteElo "2347"]
[BlackElo "2150"]
[PlyCount "83"]
[EventDate "2020.12.26"]
[EventType "swiss"]
[EventRounds "8"]
[EventCountry "USA"]
[SourceTitle "CBM 200 Extra"]
[Source "ChessBase"]
[SourceDate "2021.03.31"]
[SourceVersion "1"]
[SourceVersionDate "2021.03.31"]
[SourceQuality "1"]

1. e4 c5 2. Nf3 e6 3. d4 cxd4 4. Nxd4 Nc6 5. Nc3 Qc7 6. Be3 a6 7. Qf3 Nf6 8. 0-0-0 Ne5 9. Qg3 b5 10. f4 Neg4 11. Bg1 b4 12. Na4 h5 13. e5 Nd5 14. Bd3 Bb7 15. Be4 g6 16. Kb1 Nc3+ 17. Nxc3 bxc3 18. Bxb7 Qxb7 19. Qxc3 Qxg2 20. Qf3 Qxf3 21. Nxf3 Rc8 22. Ng5 Be7 23. Ne4 Rc4 24. Bd4 Ne3 25. b3 Rb4 26. c3 Rxd4 27. Rxd4 Nd5 28. Rf1 a5 29. c4 Ne3 30. Rf3 Nf5 31. Rd1 h4 32. Rfd3 h3 33. Rxd7 Rh4 34. Nf6+ Kf8 35. Rd8+ Bxd8 36. Rxd8+ Kg7 37. Rg8+ Kh6 38. Rh8+ Kg7 39. Rxh4 Nxh4 40. c5 Nf3 41. c6 Nxh2 42. c7 1-0

[Event "North American op 30th"]
[Site "ICC INT"]
[Date "2020.12.26"]
[Round "2"]
[White "Azarov, Sergei Nikolaevich"]
[Black "Zhao, Ian"]
[Result "1-0"]
[WhiteElo "2604"]
[BlackElo "2347"]
[PlyCount "71"]
[EventDate "2020.12.26"]
[EventType "swiss"]
[EventRounds "8"]
[EventCountry "USA"]
[SourceTitle "CBM 200 Extra"]
[Source "ChessBase"]
[SourceDate "2021.03.31"]
[SourceVersion "1"]
[SourceVersionDate "2021.03.31"]
[SourceQuality "1"]

1. e4 e5 2. Nf3 Nc6 3. Bc4 Bc5 4. c3 Nf6 5. d3 d6 6. Bg5 h6 7. Bh4 0-0 8. 0-0 g5 9. Bg3 g4 10. Bh4 gxf3 11. Qxf3 Kg7 12. Kh1 Be6 13. g4 Bxc4 14. dxc4 Rh8 15. b4 Bb6 16. Na3 a6 17. Rad1 Qe7 18. g5 Qe6 19. gxf6+ Kh7 20. Rg1 Rhg8 21. Rxg8 Rxg8 22. Rg1 Qc8 23. Rg3 Rxg3 24. hxg3 Qg8 25. Kg2 Qg6 26. Nc2 Nb8 27. Qd3 Ba7 28. f3 Nd7 29. Qd5 Nxf6 30. Qxb7 Bb6 31. a4 a5 32. bxa5 Bxa5 33. Nb4 Nd7 34. Qb5 Bxb4 35. cxb4 Nb6 36. a5 1-0

[Event "North American op 30th"]
[Site "ICC INT"]
[Date "2020.12.26"]
[Round "1"]
[White "Zhao, Ian"]
[Black "Joseph Benher, Savio"]
[Result "1-0"]
[WhiteElo "2347"]
[BlackElo "1870"]
[PlyCount "91"]
[EventDate "2020.12.26"]
[EventType "swiss"]
[EventRounds "8"]
[EventCountry "USA"]
[SourceTitle "CBM 200 Extra"]
[Source "ChessBase"]
[SourceDate "2021.03.31"]
[SourceVersion "1"]
[SourceVersionDate "2021.03.31"]
[SourceQuality "1"]

1. e4 e6 2. d4 d5 3. Nd2 c5 4. Ngf3 cxd4 5. Nxd4 Nc6 6. Bb5 Bd7 7. Nxc6 bxc6 8. Bd3 Bd6 9. Qe2 Qb8 10. Nf3 Ne7 11. e5 Bc7 12. 0-0 Ng6 13. Re1 0-0 14. c3 a5 15. h4 h6 16. h5 Ne7 17. Bf4 c5 18. Qe3 d4 19. Qe4 Nf5 20. g4 Qxb2 21. cxd4 Qa3 22. gxf5 exf5 23. Qe2 cxd4 24. Nxd4 Qb4 25. Rac1 Qxd4 26. Rxc7 Be6 27. Qe3 Rfd8 28. Bb1 Qa4 29. Rec1 Rab8 30. Qf3 Bd5 31. Qe3 Be6 32. Kh2 Rb4 33. Bc2 Qxa2 34. Rg1 Rdd4 35. Qg3 g6 36. hxg6 f6 37. exf6 Rxf4 38. f7+ Kg7 39. Qc3+ Rbd4 40. f8Q+ Kxf8 41. g7+ Ke8 42. g8Q+ Bxg8 43. Qc6+ Kd8 44. Rc8+ Ke7 45. Re8+ Kf7 46. Qg6# 1-0

[Event "Wch FIDE Online U16 America qual"]
[Site "Tornelo INT"]
[Date "2020.12.03"]
[Round "5"]
[White "Villarreal, Agustin"]
[Black "Zhao, Ian"]
[Result "0-1"]
[WhiteElo "1740"]
[BlackElo "1805"]
[PlyCount "154"]
[EventDate "2020.12.01"]
[EventType "swiss (rapid)"]
[EventRounds "7"]
[EventCountry "ISS"]
[SourceTitle "EXT 2022"]
[Source "ChessBase"]
[SourceDate "2021.10.06"]
[SourceVersion "1"]
[SourceVersionDate "2021.10.06"]
[SourceQuality "1"]

1. d4 Nf6 2. Nf3 e6 3. c4 d5 4. cxd5 exd5 5. Nc3 c6 6. Bg5 Bd6 7. Qc2 0-0 8. e3 h6 9. Bh4 Be6 10. Bd3 Nbd7 11. 0-0 Re8 12. Rab1 Rc8 13. b4 Qe7 14. Qb2 Nb6 15. Ne5 g5 16. Bg3 Nh5 17. Nf3 Nxg3 18. hxg3 Kg7 19. e4 f6 20. Rfe1 Qf7 21. e5 Bb8 22. exf6+ Qxf6 23. Re3 Bf5 24. Bxf5 Qxf5 25. Qe2 Qf7 26. Re1 Rxe3 27. Qxe3 Bd6 28. Ne5 Qf6 29. a3 Re8 30. f4 Nc4 31. Qf3 Re7 32. Nd1 Nd2 33. Qe3 Ne4 34. Nf2 Nxf2 35. Qxf2 Qf5 36. g4 Qxf4 37. Qxf4 gxf4 38. Kf2 Bxe5 39. dxe5 Kg6 40. Kf3 Kg5 41. Rh1 Rf7 42. Rh5+ Kg6 43. a4 b6 44. e6 Re7 45. Re5 Kf6 46. Kxf4 Rxe6 47. Rh5 Kg6 48. b5 cxb5 49. axb5 Rd6 50. Ke3 d4+ 51. Kd3 Rf6 52. Kxd4 Rf4+ 53. Ke3 Rxg4 54. Rd5 Rxg2 55. Rd6+ Kh5 56. Rd7 Ra2 57. Kf4 Kh4 58. Rh7 h5 59. Kf5 Ra5 60. Kf4 Rxb5 61. Rxa7 Rb4+ 62. Kf3 Kh3 63. Rh7 h4 64. Rh6 b5 65. Rh8 Kh2 66. Kf2 h3 67. Rh7 Rb2+ 68. Kf3 Rb3+ 69. Kf2 Kh1 70. Rh6 h2 71. Rh5 Rb2+ 72. Kf1 b4 73. Rb5 b3 74. Rb4 Rb1+ 75. Kf2 b2 76. Rb3 Rg1 77. Rxb2 Rg2+ 0-1

[Event "Wch FIDE Online U16 America qual"]
[Site "Tornelo INT"]
[Date "2020.12.03"]
[Round "6"]
[White "Zhao, Ian"]
[Black "Shen, Christopher Y"]
[Result "1/2-1/2"]
[WhiteElo "1805"]
[BlackElo "2354"]
[PlyCount "79"]
[EventDate "2020.12.01"]
[EventType "swiss (rapid)"]
[EventRounds "7"]
[EventCountry "ISS"]
[SourceTitle "EXT 2022"]
[Source "ChessBase"]
[SourceDate "2021.10.06"]
[SourceVersion "1"]
[SourceVersionDate "2021.10.06"]
[SourceQuality "1"]

1. e4 e6 2. d4 d5 3. Nd2 c5 4. Ngf3 cxd4 5. Nxd4 Nc6 6. Bb5 Bd7 7. Nxc6 bxc6 8. Bd3 Qc7 9. 0-0 Bd6 10. Nf3 Ne7 11. Re1 Bf4 12. e5 Bxc1 13. Rxc1 c5 14. c4 d4 15. Qe2 Bc6 16. b4 Bxf3 17. Qxf3 0-0 18. b5 Rab8 19. Qe4 g6 20. g4 Nc8 21. f4 Qe7 22. h3 Nb6 23. f5 Qh4 24. Kg2 Na4 25. Qf3 Nc3 26. a3 Qh6 27. Qf2 Rb6 28. h4 gxf5 29. gxf5 exf5 30. Kh3 Kh8 31. Qxf5 Qe6 32. Rf1 a6 33. bxa6 Rxa6 34. Qxe6 Rxe6 35. Rce1 h6 36. Rf2 Kg7 37. Rg1+ Kh8 38. Re1 Kg7 39. Rg1+ Kh8 40. Re1 1/2-1/2

[Event "Wch FIDE Online U16 America qual"]
[Site "Tornelo INT"]
[Date "2020.12.01"]
[Round "1"]
[White "Coto Calderon, Juan Diego"]
[Black "Zhao, Ian"]
[Result "0-1"]
[WhiteElo "1424"]
[BlackElo "1805"]
[PlyCount "112"]
[EventDate "2020.12.01"]
[EventType "swiss (rapid)"]
[EventRounds "7"]
[EventCountry "ISS"]
[SourceTitle "EXT 2022"]
[Source "ChessBase"]
[SourceDate "2021.10.06"]
[SourceVersion "1"]
[SourceVersionDate "2021.10.06"]
[SourceQuality "1"]

1. d4 Nf6 2. c4 e6 3. Nf3 d5 4. Nc3 Bb4 5. e3 0-0 6. Bd3 c5 7. 0-0 cxd4 8. Nxd4 e5 9. Nde2 Be6 10. cxd5 Nxd5 11. Nxd5 Bxd5 12. Qc2 h6 13. a3 Bd6 14. Rd1 Be6 15. Nc3 Qe7 16. Ne4 Rd8 17. b4 Nc6 18. Bb2 Rac8 19. Qe2 a6 20. Rac1 f5 21. Nc5 e4 22. Bc4 Bxc5 23. Bxe6+ Qxe6 24. Rxc5 Rxd1+ 25. Qxd1 Rd8 26. Qc2 Rd6 27. g3 Qd7 28. Kg2 Kh7 29. Qc3 Rd3 30. Qc2 Rd2 31. Qc3 Rd3 32. Qc2 Qf7 33. Rc3 Rd6 34. Rc5 Qe6 35. Qc3 Rd7 36. a4 Qf7 37. b5 axb5 38. axb5 Nd8 39. Qe5 Ne6 40. Qxf5+ Qxf5 41. Rxf5 Rd2 42. Rf7 Rxb2 43. Rxb7 Nc5 44. Rb6 Nd3 45. Kh3 Nxf2+ 46. Kh4 Nd3 47. Rb8 Kg6 48. b6 Ne5 49. g4 Nd7 50. Rb7 Nxb6 51. Re7 Rb4 52. Re6+ Kh7 53. h3 Nd5 54. Re5 Nxe3 55. Kh5 Ng2 56. h4 Nf4# 0-1

[Event "PNWCC Online Masters Artist Point"]
[Site "Chess.com INT"]
[Date "2020.09.06"]
[Round "6"]
[White "Ruiz Castillo, Joshua Daniel"]
[Black "Zhao, Ian"]
[Result "1-0"]
[WhiteElo "2498"]
[BlackElo "2347"]
[PlyCount "105"]
[EventDate "2020.09.05"]
[EventType "swiss"]
[EventRounds "9"]
[EventCountry "USA"]
[SourceTitle "CBM 198 Extra"]
[Source "ChessBase"]
[SourceDate "2020.11.30"]
[SourceVersion "1"]
[SourceVersionDate "2020.11.30"]
[SourceQuality "1"]

1. e4 e5 2. Nf3 Nc6 3. Bb5 a6 4. Ba4 Nf6 5. 0-0 Be7 6. Re1 b5 7. Bb3 d6 8. c3 0-0 9. h3 Nb8 10. d4 Nbd7 11. Nbd2 Bb7 12. Bc2 Re8 13. Nf1 Bf8 14. Ng3 g6 15. a4 c5 16. d5 c4 17. Be3 Nc5 18. Qd2 Nfd7 19. Ra3 Qc7 20. Rea1 Bg7 21. Qd1 Rec8 22. R1a2 Nb6 23. axb5 axb5 24. Qa1 Nca4 25. Bxb6 Nxb6 26. Nd2 Qd8 27. Ra7 Qd7 28. Rxa8 Rxa8 29. Rxa8+ Nxa8 30. Qa7 Bf6 31. b3 Bg5 32. Ngf1 cxb3 33. Nxb3 Bd8 34. Na5 Bxa5 35. Qxa5 Nc7 36. Qb6 Na8 37. Qa7 Qc7 38. Bd3 Bxd5 39. Qxc7 Nxc7 40. exd5 Nxd5 41. Bxb5 Nxc3 42. Bc6 f5 43. Ne3 Kf7 44. Nd5 Nxd5 45. Bxd5+ Kf6 46. f3 g5 47. g4 h5 48. Kf2 e4 49. fxe4 fxe4 50. Bxe4 Ke5 51. gxh5 Kf6 52. h6 Kf7 53. Bh7 1-0

[Event "Charlotte CCCSA Summer IM"]
[Site "Charlotte"]
[Date "2020.08.23"]
[Round "9"]
[White "Martin Del Campo C, Roberto Abel"]
[Black "Zhao, Ian"]
[Result "1/2-1/2"]
[WhiteElo "2314"]
[BlackElo "2380"]
[PlyCount "22"]
[EventDate "2020.08.19"]
[EventType "tourn"]
[EventRounds "9"]
[EventCountry "USA"]
[EventCategory "4"]
[SourceTitle "CBM 197 Extra"]
[Source "ChessBase"]
[SourceDate "2020.09.30"]
[SourceVersion "1"]
[SourceVersionDate "2020.09.30"]
[SourceQuality "1"]

1. e4 e5 2. Nf3 Nc6 3. Bb5 a6 4. Ba4 Nf6 5. d4 exd4 6. 0-0 Be7 7. e5 Ne4 8. Nxd4 0-0 9. Nf5 d5 10. Bxc6 bxc6 11. Nxe7+ Qxe7 1/2-1/2

[Event "Charlotte CCCSA Summer IM"]
[Site "Charlotte"]
[Date "2020.08.22"]
[Round "6"]
[White "Paul, Justin"]
[Black "Zhao, Ian"]
[Result "1-0"]
[WhiteElo "2231"]
[BlackElo "2380"]
[PlyCount "103"]
[EventDate "2020.08.19"]
[EventType "tourn"]
[EventRounds "9"]
[EventCountry "USA"]
[EventCategory "4"]
[SourceTitle "CBM 197 Extra"]
[Source "ChessBase"]
[SourceDate "2020.09.30"]
[SourceVersion "1"]
[SourceVersionDate "2020.09.30"]
[SourceQuality "1"]

1. e4 e5 2. Nf3 Nc6 3. Bb5 a6 4. Ba4 Nf6 5. 0-0 Be7 6. Re1 b5 7. Bb3 d6 8. c3 0-0 9. h3 Nb8 10. d4 Nbd7 11. Nbd2 Bb7 12. Bc2 Re8 13. Nf1 Bf8 14. Ng3 g6 15. a4 c5 16. d5 c4 17. Bg5 h6 18. Be3 Nc5 19. Nh2 h5 20. Nf3 Nfd7 21. Ng5 Bg7 22. Nf1 Nb6 23. axb5 axb5 24. Rxa8 Qxa8 25. g4 hxg4 26. hxg4 Nbd7 27. Qf3 Re7 28. Qh3 Nf6 29. Bxc5 dxc5 30. Ne3 Qa2 31. Qf1 Qa6 32. Ra1 Qb6 33. Nf3 Ne8 34. Qh3 Bc8 35. Kg2 Ra7 36. Rh1 Ra2 37. Qh4 Qd6 38. Rb1 Nf6 39. Qg3 Ne8 40. g5 Qe7 41. b3 cxb3 42. Bxb3 Ra6 43. d6 Nxd6 44. Nd5 Qd8 45. Qh4 Ne8 46. c4 b4 47. Rd1 Rd6 48. Ba4 Bd7 49. Nf6+ Bxf6 50. Rxd6 Bxg5 51. Rxd7 Qxd7 52. Nxg5 1-0

[Event "Charlotte CCCSA Summer IM"]
[Site "Charlotte"]
[Date "2020.08.21"]
[Round "5"]
[White "Zhao, Ian"]
[Black "Adamson, Robby"]
[Result "1-0"]
[WhiteElo "2380"]
[BlackElo "2201"]
[PlyCount "87"]
[EventDate "2020.08.19"]
[EventType "tourn"]
[EventRounds "9"]
[EventCountry "USA"]
[EventCategory "4"]
[SourceTitle "CBM 197 Extra"]
[Source "ChessBase"]
[SourceDate "2020.09.30"]
[SourceVersion "1"]
[SourceVersionDate "2020.09.30"]
[SourceQuality "1"]

1. e4 c5 2. Nf3 d6 3. d4 cxd4 4. Nxd4 Nf6 5. Nc3 Nc6 6. Bg5 e6 7. Qd2 a6 8. 0-0-0 Bd7 9. f4 Be7 10. Nf3 b5 11. Bxf6 gxf6 12. Kb1 Qb6 13. f5 0-0-0 14. g3 Kb8 15. Bh3 b4 16. Na4 Qb7 17. Qe3 Ne5 18. Nxe5 dxe5 19. Nc5 Bxc5 20. Qxc5 Bc6 21. fxe6 fxe6 22. Rd6 Bxe4 23. Rb6 Bxh1 24. b3 Rd4 25. Bxe6 Ka8 26. Rxb7 Bxb7 27. Bc4 Re8 28. Bxa6 Red8 29. Bxb7+ Kxb7 30. Qe7+ R8d7 31. Qxf6 e4 32. Kb2 Rd2 33. Qe5 R2d4 34. Qf5 Kc6 35. h4 R7d5 36. Qxh7 Re5 37. Qh6+ Rd6 38. Qe3 Rf6 39. h5 Ree6 40. g4 Rf3 41. Qe2 Rg3 42. h6 e3 43. h7 Rh6 44. Qa6+ 1-0

[Event "Charlotte CCCSA Summer IM"]
[Site "Charlotte"]
[Date "2020.08.20"]
[Round "2"]
[White "Francisco, Richard"]
[Black "Zhao, Ian"]
[Result "1-0"]
[WhiteElo "2293"]
[BlackElo "2380"]
[PlyCount "93"]
[EventDate "2020.08.19"]
[EventType "tourn"]
[EventRounds "9"]
[EventCountry "USA"]
[EventCategory "4"]
[SourceTitle "CBM 197 Extra"]
[Source "ChessBase"]
[SourceDate "2020.09.30"]
[SourceVersion "1"]
[SourceVersionDate "2020.09.30"]
[SourceQuality "1"]

1. c4 e5 2. g3 c6 3. d4 e4 4. Nc3 Nf6 5. Bg5 Bb4 6. Rc1 0-0 7. Bg2 Re8 8. e3 Bxc3+ 9. Rxc3 d6 10. Bxf6 Qxf6 11. Qc2 Bf5 12. Ne2 Nd7 13. h3 h6 14. g4 Bh7 15. Ng3 Qe7 16. 0-0 Nf6 17. b4 a6 18. a4 Rac8 19. c5 Nd5 20. Rb3 Rcd8 21. Rc1 dxc5 22. Qxc5 Qe6 23. Rb2 f5 24. gxf5 Bxf5 25. Kh2 Kh8 26. Rbc2 Bh7 27. b5 cxb5 28. axb5 b6 29. Qc4 a5 30. Qc6 Rd6 31. Qb7 Rd7 32. Qc6 Rd6 33. Qc4 Qe7 34. Qe2 Nb4 35. Rc7 Rd7 36. Qh5 Rf8 37. Rxd7 Qxd7 38. Nxe4 Nd3 39. Rc6 Nxf2 40. Nxf2 Rxf2 41. Qe5 Rf5 42. Qb8+ Bg8 43. Rc8 Qe6 44. d5 Qxe3 45. Rxg8+ Kh7 46. Rh8+ Kg6 47. Qe8+ 1-0

[Event "Charlotte CCCSA Summer IM"]
[Site "Charlotte"]
[Date "2020.08.20"]
[Round "3"]
[White "Zhao, Ian"]
[Black "Tsay, Vincent"]
[Result "1/2-1/2"]
[WhiteElo "2380"]
[BlackElo "2310"]
[PlyCount "91"]
[EventDate "2020.08.19"]
[EventType "tourn"]
[EventRounds "9"]
[EventCountry "USA"]
[EventCategory "4"]
[SourceTitle "CBM 197 Extra"]
[Source "ChessBase"]
[SourceDate "2020.09.30"]
[SourceVersion "1"]
[SourceVersionDate "2020.09.30"]
[SourceQuality "1"]

1. e4 c5 2. c3 d5 3. exd5 Qxd5 4. d4 Nf6 5. Nf3 e6 6. Na3 Nc6 7. Be3 cxd4 8. Nb5 Qd8 9. Nbxd4 Nd5 10. Nxc6 bxc6 11. Bd4 f6 12. Bc4 c5 13. Be3 Nxe3 14. Qxd8+ Kxd8 15. fxe3 Bd6 16. 0-0-0 Ke7 17. e4 Bf4+ 18. Kc2 Bb7 19. Rde1 Rhg8 20. Re2 a5 21. Ne1 Ba6 22. Bxa6 Rxa6 23. Nd3 Bd6 24. e5 Bxe5 25. Nxe5 fxe5 26. Rxe5 Rf8 27. Rhe1 Rf2+ 28. R1e2 Rxe2+ 29. Rxe2 Rd6 30. Re5 Rd5 31. Rxd5 exd5 32. Kb3 Ke6 33. Ka4 Ke5 34. b4 axb4 35. cxb4 c4 36. b5 d4 37. Kb4 d3 38. Kc3 Kd5 39. a4 Kc5 40. g4 g5 41. h3 h6 42. Kd2 Kb6 43. Kc3 Kc5 44. Kd2 Kd4 45. b6 c3+ 46. Kc1 1/2-1/2

[Event "World op 48th"]
[Site "ICC INT"]
[Date "2020.08.09"]
[Round "8"]
[White "Zhao, Ian"]
[Black "Nathan, Krishna"]
[Result "1-0"]
[WhiteElo "2380"]
[BlackElo "2022"]
[PlyCount "83"]
[EventDate "2020.08.07"]
[EventType "swiss"]
[EventRounds "9"]
[EventCountry "USA"]
[SourceTitle "CBM 197 Extra"]
[Source "ChessBase"]
[SourceDate "2020.09.30"]
[SourceVersion "1"]
[SourceVersionDate "2020.09.30"]
[SourceQuality "1"]

1. e4 e6 2. d4 d5 3. Nd2 c5 4. Ngf3 cxd4 5. Nxd4 Nc6 6. Bb5 Bd7 7. Nxc6 bxc6 8. Bd3 Bd6 9. 0-0 Ne7 10. c4 d4 11. f4 0-0 12. e5 Bc7 13. Nf3 c5 14. Bxh7+ Kxh7 15. Ng5+ Kg6 16. Qg4 f5 17. Qh4 Rh8 18. Qg3 Qg8 19. Nxe6+ Kf7 20. Nxc7 Rc8 21. Nb5 Bxb5 22. cxb5 Ke8 23. Bd2 Qd5 24. Qf3 Qd7 25. a4 c4 26. Rac1 Nd5 27. Rfe1 Qe6 28. h3 Ke7 29. Qf2 c3 30. bxc3 dxc3 31. Be3 Rc4 32. Bxa7 Rxa4 33. Ra1 Rxf4 34. Qc5+ Kf7 35. Red1 Rd8 36. b6 Qxe5 37. b7 Qe4 38. b8Q Rxb8 39. Bxb8 Ne3 40. Qa7+ Kg6 41. Rd6+ Kh5 42. Qxg7 1-0

[Event "World op 48th"]
[Site "ICC INT"]
[Date "2020.08.07"]
[Round "3"]
[White "Maiti, Milind"]
[Black "Zhao, Ian"]
[Result "1/2-1/2"]
[WhiteElo "2068"]
[BlackElo "2380"]
[PlyCount "50"]
[EventDate "2020.08.07"]
[EventType "swiss"]
[EventRounds "9"]
[EventCountry "USA"]
[SourceTitle "CBM 197 Extra"]
[Source "ChessBase"]
[SourceDate "2020.09.30"]
[SourceVersion "1"]
[SourceVersionDate "2020.09.30"]
[SourceQuality "1"]

1. d4 Nf6 2. c4 e6 3. Nc3 Bb4 4. Qc2 d5 5. cxd5 Qxd5 6. e3 c5 7. Bd2 Bxc3 8. Bxc3 cxd4 9. Bxd4 Nc6 10. Bc3 0-0 11. Nf3 Rd8 12. Be2 Qe4 13. Rc1 Qxc2 14. Rxc2 Nd5 15. 0-0 Nxc3 16. Rxc3 Bd7 17. Rd1 Be8 18. h3 Rxd1+ 19. Bxd1 Rd8 20. Be2 Kf8 21. a3 f6 22. Bd3 e5 23. Bc2 Ne7 24. Be4 Bc6 25. Bxc6 Nxc6 1/2-1/2

[Event "World op 48th"]
[Site "ICC INT"]
[Date "2020.08.07"]
[Round "1"]
[White "Shivakumar, Shawnak"]
[Black "Zhao, Ian"]
[Result "0-1"]
[WhiteElo "1865"]
[BlackElo "2380"]
[PlyCount "120"]
[EventDate "2020.08.07"]
[EventType "swiss"]
[EventRounds "9"]
[EventCountry "USA"]
[SourceTitle "CBM 197 Extra"]
[Source "ChessBase"]
[SourceDate "2020.09.30"]
[SourceVersion "1"]
[SourceVersionDate "2020.09.30"]
[SourceQuality "1"]

1. c4 e5 2. Nc3 Nf6 3. e3 d5 4. cxd5 Nxd5 5. Nf3 Nc6 6. Bb5 Nxc3 7. bxc3 Bd6 8. d4 exd4 9. cxd4 0-0 10. 0-0 Re8 11. Re1 a6 12. Bxc6 bxc6 13. e4 c5 14. e5 Be7 15. Bf4 Be6 16. Qd3 cxd4 17. Qxd4 c5 18. Qc3 h6 19. Rad1 Qc7 20. Nd4 Bxa2 21. Nf5 Bf8 22. Qg3 Kh7 23. e6 Qc8 24. Bd6 Rxe6 25. Qd3 Kh8 26. Bxf8 Qxf8 27. Ne3 Rb8 28. Rd2 Bb3 29. Qc3 Rc6 30. Nc4 Bxc4 31. Qxc4 Kg8 32. h3 Qc8 33. Rd5 Rb4 34. Qd3 Rd4 35. Rxd4 cxd4 36. Qxd4 Rc1 37. Rxc1 Qxc1+ 38. Kh2 Qc7+ 39. g3 a5 40. Qa4 Kh7 41. Kg2 Qb7+ 42. Kh2 Qc7 43. Kg2 g6 44. h4 h5 45. Qa2 Qa7 46. Qa4 Qb7+ 47. Kf1 Qb4 48. Qa2 Kg8 49. Ke2 a4 50. Kd1 Qb3+ 51. Qxb3 axb3 52. Kd2 Kg7 53. Kc3 Kf6 54. Kxb3 Ke5 55. Kc2 Ke4 56. Kd1 Kf3 57. Ke1 f5 58. Kf1 f4 59. gxf4 Kxf4 60. Kg2 Kg4 0-1

[Event "Banff op"]
[Site "Banff"]
[Date "2019.11.09"]
[Round "1"]
[White "Wang, Paul"]
[Black "Zhao, Ian"]
[Result "1/2-1/2"]
[WhiteElo "1732"]
[BlackElo "2334"]
[PlyCount "60"]
[EventDate "2019.11.09"]
[EventType "swiss"]
[EventRounds "6"]
[EventCountry "CAN"]
[SourceTitle "CBM 193 Extra"]
[Source "ChessBase"]
[SourceDate "2020.01.31"]
[SourceVersion "1"]
[SourceVersionDate "2020.01.31"]
[SourceQuality "1"]

1. e4 e5 2. Nf3 Nc6 3. Bc4 Bc5 4. c3 Nf6 5. d3 d6 6. h3 h6 7. Bb3 a6 8. 0-0 Ba7 9. Re1 g5 10. d4 g4 11. hxg4 Bxg4 12. Be3 Qe7 13. d5 Bxe3 14. Rxe3 Na5 15. Nbd2 Nxb3 16. Qxb3 0-0-0 17. c4 Rdg8 18. Rc1 Nd7 19. Qc3 Kb8 20. b4 f5 21. c5 Nf8 22. b5 fxe4 23. bxa6 Bxf3 24. Nxf3 exf3 25. Qb3 Rxg2+ 26. Kf1 c6 27. Rxf3 Rhg8 28. cxd6 Qh7 29. dxc6 Rg1+ 30. Ke2 Qe4+ 1/2-1/2

[Event "Calgary 12th"]
[Site "Calgary"]
[Date "2019.08.01"]
[Round "3"]
[White "Zhao, Ian"]
[Black "Bitan, Banerjee"]
[Result "1/2-1/2"]
[WhiteElo "2198"]
[BlackElo "2423"]
[PlyCount "59"]
[EventDate "2019.07.31"]
[EventType "tourn"]
[EventRounds "10"]
[EventCountry "CAN"]
[EventCategory "1"]
[SourceTitle "CBM 191 Extra"]
[Source "ChessBase"]
[SourceDate "2019.09.30"]
[SourceVersion "1"]
[SourceVersionDate "2019.09.30"]
[SourceQuality "1"]

1. e4 c5 2. Nf3 d6 3. d4 cxd4 4. Nxd4 Nf6 5. Nc3 a6 6. h3 e5 7. Nde2 h5 8. g3 Be6 9. Bg2 Nbd7 10. 0-0 b5 11. a4 b4 12. Nd5 Bxd5 13. exd5 g6 14. Bg5 Be7 15. f4 Qb6+ 16. Kh1 Ng4 17. Bxe7 Kxe7 18. Qd2 Qe3 19. Qe1 Rac8 20. Rf3 Qc5 21. c3 bxc3 22. Nxc3 f5 23. Rd1 Kd8 24. Ne2 Qb6 25. a5 Qxb2 26. Rb1 Qa2 27. Ra1 Qb2 28. Rb1 Qa2 29. Ra1 Qb2 30. Rb1 1/2-1/2